LIBRARY & INFORMATION CENTRE, KCAET, TAVANUR

ONLINE PUBLIC ACCESS CATALOGUE (OPAC)

Marannittilla (Record no. 17774)

MARC details
000 -LEADER
fixed length control field 00288nam a22001337a 4500
003 - CONTROL NUMBER IDENTIFIER
control field OSt
008 - FIXED-LENGTH DATA ELEMENTS--GENERAL INFORMATION
fixed length control field 231102b |||||||| |||| 00| 0 eng d
041 ## - LANGUAGE CODE
Language code of text/sound track or separate title eng
082 ## - DEWEY DECIMAL CLASSIFICATION NUMBER
Classification number 894.812 308
Item number MAR
245 ## - TITLE STATEMENT
Title Marannittilla
260 ## - PUBLICATION, DISTRIBUTION, ETC. (IMPRINT)
Name of publisher Naval Club, Kerala,
300 ## - PHYSICAL DESCRIPTION
Number of Pages 207pages.
942 ## - ADDED ENTRY ELEMENTS (KOHA)
Koha item type Books
Holdings
Withdrawn status Lost status Damaged status Home library Current library Shelving location Date acquired Full call number Accession Number Koha item type Public note Cost, normal purchase price
Withdrawn     KAUAET Malayalam University General Stacks 02/11/2023 894.812 308 MAR 8978 Books Transferred to Malayalam University  
Withdrawn     KAUAET Malayalam University General Stacks 02/11/2023 894.812 308 MAR 9049 Books   10.00
free website counter